Educación física y deportiva escolar

Salvato in:
Dettagli Bibliografici
Ente Autore: INEF (Autore)
Natura: Libro
Lingua:spagnolo
Pubblicazione: Madrid Centro de Investigación, Documentación e Información 1976
Soggetti:
Tags: Aggiungi Tag
Nessun Tag, puoi essere il primo ad aggiungerne!!

MARC

LEADER 00000nam a2200000 a 4500
001 UCY9499
003 CL-VaPUC
008 950717e19760000SP |||||||||||||||||spa|d
082 0 4 |a 796  |b INE  |2 21 
110 2 |a INEF  |e author  |9 341731 
245 1 0 |a Educación física y deportiva escolar 
300 |a 226 p 
942 |c BK 
945 |d 19950717 00:00:00  |a cmena 
260 |a Madrid  |b Centro de Investigación, Documentación e Información  |c 1976 
500 |a Faltan páginas 1-8 
650 0 |a Educación física  |9 240893 
650 7 |a DEPORTE  |2 CL-VaPUC  |9 341732 
650 0 |a Atletismo  |9 307422 
650 7 |a EJERCICIO  |2 CL-VaPUC  |9 310040 
650 7 |a JUEGO  |2 CL-VaPUC  |9 311404 
650 0 |a Natación  |9 307454 
583 |a last modification  |c 19950717 00:00:00  |k Rodrigo Vera 
999 |c 236586  |d 236584 
952 |0 0  |1 0  |4 0  |6 796_000000000000000_INE_1976  |7 0  |8 P  |9 244769  |a BIBEDU  |b BIBEDU  |c BIBEDU_PB  |d 2019-11-18  |i 1531794  |o 796 INE 1976  |p 1531794  |r 2024-01-25  |w 2019-11-18  |y BK  |k EDU 
952 |0 0  |1 0  |4 0  |6 796_000000000000000_INE_1976  |7 0  |8 P  |9 244770  |a BIBEDU  |b BIBEDU  |c BIBEDU_PB  |d 2019-11-18  |i 1630997  |o 796 INE 1976  |p 1630997  |r 2024-01-25  |w 2019-11-18  |y BK  |k EDU